Hongrie, Turquie et Méditerranée dans les XVI-XVII siècles les hongrois en la Méditerranée /

Elmentve itt :
Bibliográfiai részletek
Szerző: J. Nagy László
Dokumentumtípus: Cikk
Megjelent: Université de Szeged Szeged 1995
Sorozat:Mediterrán tanulmányok 6
Kulcsszavak:Magyarok története - Földközi-tengeri országok - 16-17. sz.
Tárgyszavak:
Online Access:http://acta.bibl.u-szeged.hu/7642
LEADER 00824nab a2200205 i 4500
001 acta7642
005 20251209113357.0
008 161015s1995 hu o 000 fre d
022 |a 0238-8308 
040 |a SZTE Egyetemi Kiadványok Repozitórium  |b hun 
041 |a fre 
100 2 |a J. Nagy László 
245 1 0 |a Hongrie, Turquie et Méditerranée dans les XVI-XVII siècles   |h [elektronikus dokumentum] :  |b les hongrois en la Méditerranée /  |c  J. Nagy László 
260 |a Université de Szeged  |b Szeged  |c 1995 
300 |a 29-33 
490 0 |a Mediterrán tanulmányok  |v 6 
650 4 |a Bölcsészettudományok 
650 4 |a Történettudomány és régészet 
695 |a Magyarok története - Földközi-tengeri országok - 16-17. sz. 
856 4 0 |u http://acta.bibl.u-szeged.hu/7642/1/mediterran_006_029-033.pdf  |z Dokumentum-elérés